1221 1578 1707 1102 1348 1133 1754 1872 1271 1145 1567 1439 1813 1319 1690 1741 1946 1310 1934 1355 1316 1500 1506 1376 1276 1601 1591 1347 1551 1700 1932 1152 1759 1530 1875 1974 1375 1261 1847 1659 1158 1966 1300 1152 1979 1091 1292 1788 1706 1743 1204 1772 1191 1460 1670 1159 1379 1577 1437 1530 1581 1326 1866 1925 1433 1151 1384 1215 1957 1612 1794 1454 1897 1852 1761 1749 1004 1215 1190 1441 1807 1259 1516 1766 1149 1098 1149 1116 1585 1379 1350 1688 1203 1224 1042 1017 1257 1039 1752 BCNSPRNW ULIB Ver.6.0+V

เปลี่ยนเป็นภาษาไทย

Change to English
 แสดงรายละเอียดบรรณานุกรม
  กลับหน้าหลัก

Brief Record : Get Marc (ISO 2709) : E-mail record : QR code < ปิดหน้าต่าง
LEADER : 00000nam 2200000uu 4500
001    13399120120
003     ULIB
008    120904s2543||||th 000 0 tha d
020    ^a9742916217
060 04 ^aWY100^bส795ก 2543
245 00 ^aกระบวนการพยาบาล /^cสุระพรรณ พนมฤทธิ์, บรรณาธิการ
260    ^aนนทบุรี :^bโครงการสวัสดิการวิชาการ สถาบันพระบรมราชชนกกระทรวงสาธารณสุข,^c2543
300    ^a153 หน้า ;^c26 ซม.
440  0 ^aโครงการสวัสดิการวิชาการสบช.
500    ^aบรรณาธิการที่ปกนอก: สุระพรรณ พนมฤทธิ์, สุภาภรณ์ อุดมลักษณ์
650  2 ^aNursing Process
650  7 ^aการพยาบาล, การจัดการ
700 0  ^aสุภาพรณ์ อุดมลักษณ์,^eบรรณาธิการ
700 0  ^aสุระพรรณ พนมฤทธิ์,^eบรรณาธิการ
710 2  ^aกระทรวงสาธารณสุข. ^bสถาบันราชชนก.^bโครงการสวัสดิการวิชาการ
945    ^p0^l0^i19406
945    ^p0^l0^i19407
945    ^p0^l0^i19408
945    ^p0^l0^i19409
945    ^p0^l0^i19410
945    ^p0^l0^i13298
945    ^p0^l0^i13293
945    ^p90^l0^i13294
945    ^p90^l0^i13295
945    ^p90^l0^i13296
945    ^p90^l0^i13297
945    ^p90^l0^i13291
995    ^aกัณชพร
999 ^a ใช้งานได้ทุกระบบ
รายการนี้ยังไม่มีแท็ก
คุณยังไม่ได้ล็อกอิน คุณสามารถมีกิจกรรมร่วมกับเว็บไซต์ได้ แต่ต้องล็อกอินก่อน ::
  ล็อกอิน

รายการสื่อสารสนเทศ

ลำดับที่ ประเภท เลขเรียก/บาร์โค้ด สถานที่ สถานะ
1. Book การพยาบาล
Book การพยาบาล
WY100 ส795ก 2543  
  Barcode: 13298
ห้องสมุดวิทยาเขตสวรรค์ประชารักษ์
►หนังสือทั่วไป
บนชั้น
2. Book การพยาบาล
Book การพยาบาล
WY100 ส795ก 2543  
  Barcode: 13295
ห้องสมุดวิทยาเขตสวรรค์ประชารักษ์
►หนังสือทั่วไป
บนชั้น
3. Book การพยาบาล
Book การพยาบาล
WY100 ส795ก 2543  
  Barcode: 13296
ห้องสมุดวิทยาเขตสวรรค์ประชารักษ์
►หนังสือทั่วไป
บนชั้น
4. Book การพยาบาล
Book การพยาบาล
WY100 ส795ก 2543  
  Barcode: 13297
ห้องสมุดวิทยาเขตสวรรค์ประชารักษ์
►หนังสือทั่วไป
บนชั้น
5. Book การพยาบาล
Book การพยาบาล
WY100 ส795ก 2543  
  Barcode: 13291
ห้องสมุดวิทยาเขตสวรรค์ประชารักษ์
►หนังสือทั่วไป
บนชั้น
6. Book การพยาบาล
Book การพยาบาล
WY100 ส795ก 2543 ฉ.8 
  Barcode: 13293
ห้องสมุดวิทยาเขตสวรรค์ประชารักษ์
► วิทยานิพนธ์
บนชั้น
7. Book การพยาบาล
Book การพยาบาล
WY100 ส795ก 2543 ฉ.9 
  Barcode: 13294
ห้องสมุดวิทยาเขตสวรรค์ประชารักษ์
►หนังสือทั่วไป
บนชั้น

รายการใกล้เคียง
    หัวเรื่อง [Nursing Process]
    หัวเรื่อง [การพยาบาล, การจัดการ]

BibComment


ยังไม่เคยถูกคอมเมนท์

คอมเมนท์ทรัพยากรรายการนี้
  คอมเมนท์: กระบวนการพยาบาล ..


 Copyright 2026. Bcnsprnw @Library